Normal view
MARC view
Entry Topical Term
001 - CONTROL NUMBER
- control field: 23591
003 - CONTROL NUMBER IDENTIFIER
- control field: ENAL
005 - DATE AND TIME OF LATEST TRANSACTION
- control field: 20181219101555.0
008 - FIXED-LENGTH DATA ELEMENTS
- fixed length control field: 181219|| aca||aabn | a|a d
040 ## - CATALOGING SOURCE
- Original cataloging agency: ENAL
- Transcribing agency: ENAL
150 ## - HEADING--TOPICAL TERM
- Topical term or geographic name entry element: Wheat
- Geographic subdivision: Diseases and pests
- General subdivision: Egypt
670 ## - SOURCE DATA FOUND
- Source citation: Work cat.: (ENAL)63760: Ahmed, Osama Abd El - Badia El - Sayed Sayed. 23042, Further studies on stem rust disease of wheat in Egypt, 2015.